Šport v reklame, reklama v športe
Vrcholoví športovci v reklame. Golfista Tiger Woods - magnet na peniaze. Superznačka Beckham. Prepojenie športovca s reklamou ako win-win situácia. Pozitívny alebo negatívny príbeh, ktorý robí športovca zaujímavým. Najlepšie platení športovci sveta v r. 2014.
Na minha lista:
| Autor principal: | |
|---|---|
| Formato: | Capítulo de Livro |
| Idioma: | eslovaco |
| Assuntos: | |
| Tags: |
Sem tags, seja o primeiro a adicionar uma tag!
|
MARC
| LEADER | 00000naa a2200000 4500 | ||
|---|---|---|---|
| 001 | 0199687 | ||
| 005 | 20231113083440.6 | ||
| 041 | 0 | |a slo | |
| 044 | |a SK | ||
| 245 | 1 | 0 | |a Šport v reklame, reklama v športe |c Lucia Ležovičová |
| 520 | |a Vrcholoví športovci v reklame. Golfista Tiger Woods - magnet na peniaze. Superznačka Beckham. Prepojenie športovca s reklamou ako win-win situácia. Pozitívny alebo negatívny príbeh, ktorý robí športovca zaujímavým. Najlepšie platení športovci sveta v r. 2014. | ||
| 610 | 2 | 0 | |a reklama |
| 610 | 2 | 0 | |a propagácia |
| 610 | 2 | 0 | |a marketing |
| 610 | 2 | 0 | |a značky výrobkov |
| 610 | 2 | 0 | |a šport |
| 100 | 1 | |a Ležovičová, Lucia | |